000 00841nam a22001935i 4500
001 156799
003 ES-MaACL
005 20250809025047.0
008 040804s1877 sp |||| | spa d
040 _aCAM
_bspa
_cCAM
100 1 _aLabra, Rafael M. de,
_d1840-1918
_969273
245 1 0 _aDerecho internacional público
_b: introduccion-historia /
_cprograma de las lecciones dadas en el curso académico de 1876-77 en la Institucion Libre de Enseñanza de Madrid por Rafael M. de Labra.
260 _aMálaga :
_b[s.n.],
_c1877 (
_fImp. de la Revista de Andalucia)
300 _a68 p. ;
_c22 cm.
650 0 7 _aDerecho internacional público
_2embne
_911723
710 2 _aInstitución Libre de Enseñanza.
_94724
852 _aES-MaACL
_jG-14130
_z-- Enc. cartón
_z-- Dedicatoria ms. del autor al Ateneo de Madrid
999 _c156799
_d156799